Manglares de Colombia / (Registro nro. 66)

Detalles MARC
000 -CABECERA
Campo de control 01122cam a2200301 i 4500
005 - FECHA Y HORA DE LA ULTIMA TRANSACCION
Campo de control 20200104041505.0
008 - ELEMENTOS DE LONGITUD FIJA—INFORMACION GENERAL
Campo de control 941203s1989 ck a r 00110 spa d
015 ## - NATIONAL BIBLIOGRAPHY NUMBER
National bibliography number ck-1989-XXXX
020 ## - ISBN
ISBN 9589138497
040 ## - FUENTE DE CATALOGACIÓN
Agencia catalogadora original la
Agencia transcriptora la
Agencia Modificadora CO-BoIAVH
041 1# - IDIOMA
Código de idioma para texto/pista de sonido o título separado Español
043 ## - GEOGRAPHIC AREA CODE
Geographic area code s-ck---
082 04 - NUMERO DE CLASIFICACION DECIMAL DEWEY
Número de clasificación 583.09861
Número del ítem P89m
100 1# - ASIENTO PRINCIPAL--NOMBRE PERSONAL
Nombre personal Prahl, Henry Von,
Fechas asociadas con el nombre 1948-1989.
9 (RLIN) 59575
245 10 - MENCION DE TITULO
Título Manglares de Colombia /
Mención de responsabilidad Henry von Prahl ; introducción Carlos Castaño Uribe ; fotografías Aldo Brando, Jose Fernando Machado.
260 ## - PUBLICACION, DISTRIBUCION, ETC. (PIE DE IMPRENTA)
Lugar de publicación, distribución, etc. Bogotá :
Nombre del editor, distribuidor, etc. Villegas Editores,
Fecha de publicación, distribución, etc. 1989.
300 ## - DESCRIPCION FISICA
Extensión 203 páginas :
Otros detalles físicos ilustraciones y fotográfias ;
Dimensiones 38 cm.
504 ## - NOTA DE BIBLIOGRAFIA, ETC.
Nota de bibliografía Incluye referencias bibliográficas e índice.
650 14 - ASIENTO SECUNDARIO DE MATERIA - TERMINO TEMATICO
Término temático o nombre geográfico como elemento de entrada Manglares
Subdivisión geográfica Colombia.
9 (RLIN) 59576
650 24 - ASIENTO SECUNDARIO DE MATERIA - TERMINO TEMATICO
Término temático o nombre geográfico como elemento de entrada Ecología vegetal.
9 (RLIN) 353
700 1# - ASIENTO SECUNDARIO - NOMBRE PERSONAL
Nombre personal Castaño Uribe, Carlos.
9 (RLIN) 59578
700 1# - ASIENTO SECUNDARIO - NOMBRE PERSONAL
Nombre personal Brando, Aldo,
Término de relación fotógrafo
9 (RLIN) 59579
700 1# - ASIENTO SECUNDARIO - NOMBRE PERSONAL
Nombre personal Machado, Jose Fernando,
Fechas asociadas con el nombre 1957-,
Término de relación fotógrafo
9 (RLIN) 59580
700 1# - ASIENTO SECUNDARIO - NOMBRE PERSONAL
Nombre personal Villegas, Benjamín,
Fechas asociadas con el nombre 1948-,
Término de relación editor.
9 (RLIN) 59581
700 1# - ASIENTO SECUNDARIO - NOMBRE PERSONAL
Nombre personal Uribe Hurtado, Cristina,
Fechas asociadas con el nombre 1956-,
Término de relación editor.
9 (RLIN) 59582
942 ## - ELEMENTOS ADICIONALES (KOHA)
Sistema de clasificación Dewey Decimal Classification
Tipo de ítem Libro
949 ## - LOCAL PROCESSING INFORMATION (OCLC)
a n
b c
Existencias
Withdrawn status Lost status Sistema de Clasificación Damaged status No para préstamo Colección Inventariado Ubicación Permanente Ubicación actual Fecha de adquisición Fuente de Valor Valor Total Checkouts Número topográfico Inventario / Código de Barras Date last seen Date checked out Ejemplar Price effective from Forma de adquisición Tipo de material
    Dewey Decimal Classification     General Inventariado 2017 Bogotá Bogotá 16/12/1997 Instituto 20000.00 2 LB-583.09861 P89m 000073 10/02/2020 30/01/2020 Ej. 1 04/12/2012   Libro